|
|
|
|
| LEADER |
01174nam a2200241 a 4500 |
| 001 |
13903308 |
| 008 |
090820s2006 nyua b 001 0 eng d |
| 010 |
|
|
|a 2005047336
|
| 020 |
|
|
|a 0195680014
|
| 040 |
|
|
|a DLC
|c DLC
|d DLC
|
| 082 |
0 |
0 |
|a 502/.85
|2 22
|
| 100 |
1 |
|
|a Pratap, Rudra,
|d 1964-
|
| 245 |
1 |
0 |
|a Getting started with MATLAB 7 /
|b a quick introduction for scientists and engineers /
|c Rudra Pratap.
|
| 260 |
|
|
|a New York :
|b Oxford University Press,
|c 2006.
|
| 300 |
|
|
|a x, 244 p. :
|b ill. ;
|c 24 cm.
|
| 504 |
|
|
|a Includes bibliographical references (p. [235]) and index.
|
| 541 |
1 |
|
|e 00017910
|
| 650 |
|
0 |
|a Science
|x Data processing.
|
| 650 |
|
0 |
|a Engineering mathematics
|x Data processing.
|
| 852 |
4 |
|
|a Ayesha Abed Library
|j General Shelf.
|
| 999 |
|
|
|c 3455
|d 3455
|
| 952 |
|
|
|0 0
|1 0
|2 ddc
|4 0
|6 502_850000000000000_PRA_2006
|7 0
|9 9868
|a BRACUL
|b BRACUL
|c GEN
|d 2010-05-06
|e D. S. Books International
|l 6
|m 20
|o 502.85 PRA
|p 3010017910
|r 2020-01-12
|s 2019-12-19
|t 2
|w 2010-05-06
|y BK
|x USD 6.00
|
| 952 |
|
|
|0 0
|1 0
|2 ddc
|4 0
|6 502_850000000000000_PRA_2006
|7 0
|9 9869
|a BRACUL
|b BRACUL
|c GEN
|d 2010-05-06
|e D. S. Books International
|l 6
|m 87
|o 502.85 PRA
|p 3010017909
|r 2019-10-27
|s 2019-04-19
|t 1
|w 2010-05-06
|y BK
|x USD 6.00
|